LEADER 00792nam0-22003011i-450 001 990001697760403321 005 20190529131356.0 035 $a000169776 035 $aFED01000169776 035 $a(Aleph)000169776FED01 035 $a000169776 100 $a20030910d1930----km-y0itay50------ba 101 0 $aita 102 $aIT 200 1 $a<>pecore piemontesi$fVittorino Vezzani 210 $aPiacenza$c...$d1930 215 $a13 p.$d26 cm 300 $aEstr. da: L'Italia agricola, n. 6,1930. 610 0 $aPecore 676 $a636.3 700 1$aVezzani,$bVittorino$068234 801 0$aIT$bUNINA$gRICA$2UNIMARC 901 $aLG 912 $a990001697760403321 952 $a60 OP. 14/44$b32267$fFAGBC 959 $aFAGBC 996 $aPecore piemontesi$9362210 997 $aUNINA